000 00420nam a2200181Ia 4500
005 20240823041515.0
008 240823s9999||||xx |||||||||||||| ||und||
041 _aTAMIL
082 _A824.8 P0
100 _aBalasubramaniam P
245 0 _aMinnal Keettu
250 _a1st
260 _c2000
_b"New Centuary,Chennai"
500 _aTRANSFERED
650 _aMinnal Keettu
_bGeneral
942 _cBK
999 _c205663
_d205663